[Event "25. Intern. Travemünder Schach-Open"]
[Site "?"]
[Date "2008.12.30"]
[Round "7"]
[White "GM Rabiega, Robert"]
[Black "Schmidt, Harald"]
[Result "1-0"]
[WhiteElo "2543"]
[BlackElo "2392"]
[PlyCount "113"]

1. e4 c6 2. Nf3 d5 3. exd5 cxd5 4. Ne5 Nf6 5. d4 e6 6. c3 Be7 7. Bd3 O-O 8. O-O
Nc6 9. Qe2 Bd7 10. Nd2 a6 11. Ndf3 Rc8 12. Bf4 Be8 13. Rfe1 Na7 14. a4 Nc6 15.
Nxc6 Bxc6 16. Ne5 Be8 17. Qf3 Nd7 18. Qh3 f5 19. Nxd7 Bxd7 20. a5 Rf7 21. Be5
b5 22. axb6 Qxb6 23. Bxa6 Ra8 24. Qd3 Rff8 25. b4 Ra7 26. Qg3 Bf6 27. Bxf6 Rxf6
28. Bf1 f4 29. Qg5 Rc7 30. Ra6 Qb7 31. Rea1 h6 32. Qe5 Rf8 33. Qd6 f3 34. g3
Be8 35. Qxe6+ Bf7 36. Qe3 Re7 37. Qxf3 Bg6 38. Qd1 Be4 39. Bg2 Qc8 40. Bxe4
dxe4 41. Qb3+ Kh7 42. Ra8 Qxa8 43. Rxa8 Rxa8 44. c4 e3 45. fxe3 Rea7 46. Kg2 g5
47. Kf3 Ra3 48. Qc2+ Kg7 49. Qe4 Rf8+ 50. Kg4 Ra2 51. d5 Rxh2 52. d6 Rd2 53. c5
Rf7 54. Qe5+ Kg6 55. Qe6+ Kg7 56. c6 Rb2 57. Qe5+ 1-0

[Event "25. Intern. Travemünder Schach-Open"]
[Site "?"]
[Date "2008.12.30"]
[Round "7"]
[White "IM Bangiev, Alexander"]
[Black "GM Kupreichik, Victor"]
[Result "1/2-1/2"]
[WhiteElo "2439"]
[BlackElo "2417"]
[PlyCount "22"]

1. e4 e5 2. Nf3 Nf6 3. Nxe5 d6 4. Nf3 Nxe4 5. Qe2 Qe7 6. d4 Nf6 7. Bg5 Qxe2+ 8.
Bxe2 Be7 9. Nc3 h6 10. Bd2 Bd7 11. O-O Nc6 1/2-1/2

[Event "25. Intern. Travemünder Schach-Open"]
[Site "?"]
[Date "2008.12.30"]
[Round "7"]
[White "GM Voloshin, Leonid"]
[Black "Jacobsen, Bo"]
[Result "1-0"]
[WhiteElo "2448"]
[BlackElo "2301"]
[PlyCount "83"]

1. e4 e5 2. Nf3 Nc6 3. d4 exd4 4. Nxd4 d6 5. Nc3 Nf6 6. Bb5 Bd7 7. Bxc6 bxc6 8.
Qf3 Be7 9. e5 Nd5 10. Nxd5 cxd5 11. Qxd5 O-O 12. e6 fxe6 13. Nxe6 Bxe6 14.
Qxe6+ Kh8 15. O-O Bf6 16. c3 Rb8 17. Qe2 c5 18. Qc2 d5 19. Bf4 Rb7 20. Rad1 d4
21. cxd4 cxd4 22. b3 Qa5 23. Bd2 Qh5 24. Qd3 Be5 25. f4 Bf6 26. Rc1 Re7 27.
Rfe1 Rxe1+ 28. Rxe1 h6 29. a4 Qd5 30. b4 h5 31. h3 h4 32. Kh1 Rd8 33. a5 Qa2
34. Kh2 Rc8 35. Re2 Qd5 36. Re1 Rd8 37. Re2 Qd6 38. Re1 g5 39. Re4 g4 40. hxg4
Qd7 41. f5 Qd6+ 42. Bf4 1-0

[Event "25. Intern. Travemünder Schach-Open"]
[Site "?"]
[Date "2008.12.30"]
[Round "7"]
[White "Gohla, Ulf"]
[Black "FM Figura, Atila Gajo"]
[Result "0-1"]
[WhiteElo "2213"]
[BlackElo "2412"]
[PlyCount "100"]

1. d4 d5 2. c4 Nc6 3. cxd5 Qxd5 4. e3 e5 5. Nc3 Bb4 6. Bd2 Bxc3 7. Bxc3 exd4 8.
Ne2 Bg4 9. f3 O-O-O 10. Nxd4 Be6 11. Qa4 Nge7 12. Nxe6 Qxe6 13. e4 Nf5 14. Bb5
Nfd4 15. O-O Nxb5 16. Qxb5 Nd4 17. Bxd4 Rxd4 18. Qc5 Qb6 19. Qxb6 axb6 20. Rf2
Rhd8 21. Rc2 Rd2 22. Rac1 c6 23. Kf1 Kc7 24. Ke1 R2d3 25. Rc3 R3d6 26. R3c2 b5
27. Kf2 b6 28. Kg3 Kb7 29. e5 Rg6+ 30. Kf2 c5 31. g3 b4 32. f4 h5 33. Re1 h4
34. Ree2 hxg3+ 35. hxg3 Rd3 36. Re3 Rxe3 37. Kxe3 Rxg3+ 38. Ke4 Kc7 39. Rd2 g6
40. Kd5 Rg4 41. e6 fxe6+ 42. Ke5 g5 43. fxg5 Rxg5+ 44. Kxe6 c4 45. Rc2 Rc5 46.
Ke7 Kc6 47. Ke6 c3 48. bxc3 bxc3 49. a4 Rc4 50. Ke5 Kc5 0-1

[Event "25. Intern. Travemünder Schach-Open"]
[Site "?"]
[Date "2008.12.30"]
[Round "7"]
[White "Wilms, Ingo"]
[Black "Wagner, Dennis"]
[Result "1/2-1/2"]
[WhiteElo "2154"]
[BlackElo "2000"]
[PlyCount "61"]

1. e4 e5 2. Nf3 Nc6 3. Bc4 Bc5 4. d3 Nf6 5. c3 a6 6. Bb3 Ba7 7. O-O O-O 8. Re1
h6 9. Nbd2 Re8 10. Nc4 b5 11. Ne3 Na5 12. Bc2 d5 13. exd5 Nxd5 14. Nxd5 Qxd5
15. d4 e4 16. Ne5 Bf5 17. Bf4 c5 18. a4 b4 19. Qh5 Bh7 20. c4 Qb7 21. Re3 f6
22. Ng4 Kh8 23. Rg3 Rf8 24. b3 Qf7 25. Qxf7 Rxf7 26. d5 Bb8 27. Bxb8 Rxb8 28.
Re1 Re8 29. f4 Nb7 30. Ne3 Nd6 31. h4 1/2-1/2

[Event "25. Intern. Travemünder Schach-Open"]
[Site "?"]
[Date "2008.12.30"]
[Round "7"]
[White "Svane, Rasmus"]
[Black "Bohnstorff, Michael"]
[Result "1/2-1/2"]
[WhiteElo "1967"]
[BlackElo "2140"]
[PlyCount "42"]

1. e4 d6 2. d4 e5 3. dxe5 dxe5 4. Qxd8+ Kxd8 5. Nf3 f6 6. Be3 Be6 7. Nc3 c6 8.
a3 Nd7 9. Be2 Bc5 10. Bxc5 Nxc5 11. O-O-O+ Kc7 12. Rd2 Nh6 13. h3 Rad8 14. Rhd1
Rxd2 15. Rxd2 Nf7 16. Rd1 Nd6 17. Nd2 a6 18. f3 Rd8 19. b3 Nb5 20. Nxb5+ axb5
21. Nb1 Rxd1+ 1/2-1/2

[Event "25. Intern. Travemünder Schach-Open"]
[Site "?"]
[Date "2008.12.30"]
[Round "7"]
[White "FM Hebbinghaus, Holger"]
[Black "Bulygin, Anton"]
[Result "1/2-1/2"]
[WhiteElo "2294"]
[BlackElo "1982"]
[PlyCount "46"]

1. e4 c5 2. Nf3 Nc6 3. Bb5 Nd4 4. Nxd4 cxd4 5. O-O a6 6. Bc4 e6 7. c3 Bc5 8. d3
Ne7 9. cxd4 Bxd4 10. Nd2 g6 11. Nf3 Bg7 12. d4 d5 13. exd5 Nxd5 14. Bg5 Qd6 15.
Qd2 h6 16. Be3 b5 17. Bb3 g5 18. Rad1 Bb7 19. Ne5 f5 20. f3 O-O 21. Rfe1 Rad8
22. Bf2 Rf6 23. Nd3 Kh8 1/2-1/2

[Event "29. Intern. Travemünder Schach-Open"]
[Site "Travemünde"]
[Date "2012.12.27"]
[Round "1.2"]
[White "Quiring, Nikolai"]
[Black "Maiorov, Nikita"]
[Result "0-1"]
[WhiteElo "1985"]
[BlackElo "2554"]
[PlyCount "54"]
[EventDate "2012.??.??"]
[WhiteTeam "SV VHS Rendsburg"]
[BlackTeam "Weißrußland"]

1. d4 Nf6 2. c4 e6 3. Nc3 Bb4 4. Qc2 O-O 5. e4 d6 6. e5 dxe5 7. dxe5 Ng4 8. Nf3
Nc6 9. Bf4 Nd4 10. Qd1 c5 11. Bd3 f6 12. Bg3 f5 13. h3 Nh6 14. O-O Bxc3 15.
bxc3 Nc6 16. Qe2 b6 17. Rad1 Qe8 18. Bf4 Nf7 19. Ng5 Ba6 20. Bc2 Na5 21. Bb3
Nxg5 22. Bxg5 f4 23. Bh4 f3 24. Qe4 Bb7 25. Qd3 fxg2 26. Rfe1 Qh5 27. Qg3 Rf3
0-1

[Event "29. Intern. Travemünder Schach-Open"]
[Site "Travemünde"]
[Date "2012.12.27"]
[Round "1.3"]
[White "Sergeev, Vladimir"]
[Black "Schuemann, Joachim"]
[Result "1-0"]
[WhiteElo "2471"]
[BlackElo "1982"]
[PlyCount "59"]
[EventDate "2012.??.??"]
[WhiteTeam "Ukraine"]
[BlackTeam "o.V./ Hamburg"]

1. Nf3 d6 2. d4 Nf6 3. c4 Nbd7 4. Nc3 e5 5. Bg5 Be7 6. e3 O-O 7. Qc2 c6 8. Be2
Re8 9. O-O exd4 10. Nxd4 Nb6 11. Rfd1 Be6 12. c5 Nbd5 13. Nxe6 fxe6 14. Qb3 Qc8
15. cxd6 Bxd6 16. Bh4 Qc7 17. Bg3 Bxg3 18. hxg3 Kh8 19. g4 h6 20. Bf3 Rad8 21.
Ne4 Nxe4 22. Bxe4 Nf6 23. Bg6 Re7 24. g5 Nd5 25. Qc4 Qe5 26. Qh4 Rf8 27. gxh6
gxh6 28. Qxh6+ Kg8 29. Rd4 Rg7 30. Rh4 1-0

[Event "29. Intern. Travemünder Schach-Open"]
[Site "Travemünde"]
[Date "2012.12.27"]
[Round "1.5"]
[White "Okhotnik, Vladimir"]
[Black "Baier, Reinhard"]
[Result "0-1"]
[WhiteElo "2433"]
[BlackElo "1974"]
[PlyCount "62"]
[EventDate "2012.??.??"]
[WhiteTeam "SV RK Rapid Feffernitz"]
[BlackTeam "BSG 1827 Eckbauer e.V."]

1. e4 c5 2. Nf3 d6 3. Bc4 Nf6 4. d3 g6 5. O-O Bg7 6. c3 O-O 7. Bb3 Nc6 8. Re1
Qc7 9. Nbd2 Bg4 10. h3 Bd7 11. a3 b5 12. d4 e6 13. Qe2 Rfe8 14. dxc5 dxc5 15.
Ba2 a6 16. e5 Nd5 17. h4 c4 18. h5 Nf4 19. Qe4 Nd3 20. hxg6 fxg6 21. Re3 Ncxe5
22. Ng5 Bc6 23. Qh4 Bf6 24. f4 Bxg5 25. fxg5 Qd7 26. Nf1 Rf8 27. Qh3 Qf7 28.
Bd2 Qf2+ 29. Kh1 Nf4 30. Qg3 Bxg2+ 31. Kh2 Ng4+ 0-1

[Event "29. Intern. Travemünder Schach-Open"]
[Site "Travemünde"]
[Date "2012.12.27"]
[Round "1.6"]
[White "Opitz, Frank"]
[Black "Voloshin, Leonid"]
[Result "0-1"]
[WhiteElo "1957"]
[BlackElo "2426"]
[PlyCount "70"]
[EventDate "2012.??.??"]
[WhiteTeam "SV Neu-Oelsnitz"]
[BlackTeam "Tchechien"]

1. d4 Nf6 2. Nc3 d5 3. Bg5 c5 4. e3 e6 5. Nf3 Nbd7 6. Be2 Be7 7. O-O a6 8. a4
b6 9. Ne5 Bb7 10. f4 O-O 11. Qe1 Rc8 12. Qh4 Re8 13. Rf3 Nf8 14. Rh3 N6d7 15.
Bd3 f5 16. Ng4 Bxg5 17. fxg5 c4 18. Be2 fxg4 19. Bxg4 h6 20. gxh6 Qxh4 21. Rxh4
Nf6 22. hxg7 Ng6 23. Rh3 Nxg4 24. Rg3 Nxe3 25. Rxe3 e5 26. Rae1 Kxg7 27. Ne2 e4
28. Rg3 Rf8 29. Rf1 Rxf1+ 30. Kxf1 Kf6 31. Rh3 Bc6 32. b3 cxb3 33. Rxb3 b5 34.
axb5 Bxb5 35. Kf2 Rxc2 0-1

[Event "29. Intern. Travemünder Schach-Open"]
[Site "Travemünde"]
[Date "2012.12.27"]
[Round "1.7"]
[White "Svane, Rasmus"]
[Black "Hünerberg, Clemens"]
[Result "1-0"]
[WhiteElo "2399"]
[BlackElo "1953"]
[PlyCount "31"]
[EventDate "2012.??.??"]
[WhiteTeam "Hamburger SK von 1830 eV"]
[BlackTeam "SF 1954 Conweiler e.V."]

1. d4 g6 2. c4 Bg7 3. Nf3 d6 4. Nc3 a6 5. e4 Bg4 6. Be2 Nc6 7. d5 Bxf3 8. Bxf3
Nd4 9. Be3 e5 10. dxe6 Nxf3+ 11. Qxf3 fxe6 12. O-O Qf6 13. Qg3 Ne7 14. Rad1 b6
15. e5 Qxe5 16. Qf3 1-0

[Event "29. Intern. Travemünder Schach-Open"]
[Site "Travemünde"]
[Date "2012.12.27"]
[Round "1.8"]
[White "Meschke, Oliver"]
[Black "Fries-Nielsen, Jens Ove"]
[Result "0-1"]
[WhiteElo "1948"]
[BlackElo "2365"]
[PlyCount "59"]
[EventDate "2012.??.??"]
[WhiteTeam "Breloher SC"]
[BlackTeam "Diagonale Harburg"]

1. c4 Nf6 2. Nf3 d6 3. d4 Bg4 4. Nc3 Nbd7 5. h3 Bh5 6. e3 e5 7. Be2 Be7 8. O-O
O-O 9. b3 c6 10. Nd2 Bxe2 11. Qxe2 exd4 12. exd4 d5 13. Qd3 Bd6 14. Nf3 Re8 15.
cxd5 cxd5 16. Nb5 Bb8 17. Ba3 Ne4 18. Rfe1 Ndf6 19. Nc3 a6 20. Bb2 Re6 21. Na4
Ba7 22. Rac1 Nh5 23. Nc5 Rg6 24. Rxe4 dxe4 25. Qxe4 Bxc5 26. Rxc5 Re6 27. Qg4
Nf6 28. Qf5 Re2 29. Bc3 Ne4 30. Ng5 0-1

[Event "29. Intern. Travemünder Schach-Open"]
[Site "Travemünde"]
[Date "2012.12.27"]
[Round "1.9"]
[White "Schmidt, Harald"]
[Black "Ditmas, Hugh"]
[Result "1-0"]
[WhiteElo "2365"]
[BlackElo "1943"]
[PlyCount "91"]
[EventDate "2012.??.??"]
[WhiteTeam "Lübecker SV von 1873"]
[BlackTeam "Bremer SG von 1877"]

1. d4 Nf6 2. c4 e6 3. Nc3 Bb4 4. Qc2 Nc6 5. Nf3 d6 6. a3 Bxc3+ 7. Qxc3 a5 8. b3
O-O 9. g3 Qe7 10. Bb2 Re8 11. Bg2 e5 12. d5 Nb8 13. O-O Nbd7 14. Nd2 Nc5 15. e4
Ng4 16. Rae1 Bd7 17. h3 Nh6 18. a4 f6 19. Ba3 b6 20. Bc1 Nf7 21. f4 c6 22. dxc6
Bxc6 23. f5 Nd8 24. Bf3 Bb7 25. Bh5 Rf8 26. Qf3 Nc6 27. Bg6 hxg6 28. fxg6 Qe6
29. Qh5 Rfd8 30. Rxf6 Qxf6 31. Rf1 Qxf1+ 32. Nxf1 Ne6 33. Ne3 Ne7 34. Nf5 Nxf5
35. Qxf5 Nf8 36. Qf7+ Kh8 37. Bh6 Ne6 38. Qxb7 Rf8 39. Qe7 Rae8 40. Bxg7+ Nxg7
41. Qh4+ Nh5 42. Qxh5+ Kg7 43. Qh7+ Kf6 44. h4 Re7 45. Qh6 Rg8 46. Qg5+ 1-0

[Event "29. Intern. Travemünder Schach-Open"]
[Site "Travemünde"]
[Date "2012.12.27"]
[Round "1.10"]
[White "Simon, Christopher"]
[Black "Laubsch, Bernd"]
[Result "0-1"]
[WhiteElo "1942"]
[BlackElo "2309"]
[PlyCount "92"]
[EventDate "2012.??.??"]
[WhiteTeam "SV Bad Schwartau von 1930"]
[BlackTeam "Post SV Uelzen"]

1. f4 c5 2. Nf3 g6 3. g3 Bg7 4. Bg2 Nc6 5. d3 d5 6. O-O Nf6 7. Nc3 d4 8. Ne4
Qb6 9. Rb1 O-O 10. Nh4 Nb4 11. a3 Nbd5 12. Nxf6+ Nxf6 13. h3 Qd6 14. Qe1 Nd5
15. Kh2 Bd7 16. e4 dxe3 17. Bxe3 Bc6 18. Bd2 e6 19. Nf3 Ne7 20. Bc3 Bxc3 21.
Qxc3 Nf5 22. Rbe1 Rac8 23. Ng5 Qd4 24. Bxc6 Qxc3 25. bxc3 Rxc6 26. Ne4 Rd8 27.
Rb1 b6 28. Rfe1 Kg7 29. a4 c4 30. d4 Rd5 31. Rb5 a6 32. Rxd5 exd5 33. Nd2 Kf8
34. g4 Ng7 35. Kg3 f6 36. Nf3 Re6 37. Rxe6 Nxe6 38. f5 Nc7 39. fxg6 hxg6 40.
Nd2 a5 41. h4 b5 42. Nb1 bxa4 43. Na3 Kf7 44. Kf3 g5 45. h5 Kg7 46. Kg3 Kh6 0-1

[Event "29. Intern. Travemünder Schach-Open"]
[Site "Travemünde"]
[Date "2012.12.27"]
[Round "1.11"]
[White "Ackermann, Hans Werner"]
[Black "Ehlers, Michael"]
[Result "0-1"]
[WhiteElo "2292"]
[BlackElo "1937"]
[PlyCount "60"]
[EventDate "2012.??.??"]
[WhiteTeam "SC Hansa Dortmund e.V."]
[BlackTeam "SAV Torgelow, Sportabt Schach"]

1. e4 c5 2. Nf3 e6 3. Nc3 Nc6 4. Bb5 Nd4 5. a4 Nxb5 6. axb5 d6 7. d4 Be7 8. Be3
b6 9. O-O Bb7 10. Qe2 Nf6 11. Rfd1 Qc8 12. Bg5 O-O 13. e5 dxe5 14. dxe5 Nd5 15.
Bxe7 Nxe7 16. Ne4 Nf5 17. g4 Ne7 18. Rd6 c4 19. Rd4 Bd5 20. c3 Ng6 21. Nfd2 Qc7
22. Nxc4 Bxc4 23. Qxc4 Qxe5 24. Nd2 Rac8 25. Qf1 Rfd8 26. Re1 Qf6 27. Ree4 e5
28. Rxd8+ Rxd8 29. Qe1 h6 30. Qe3 Nh4 {(Zeit)} 0-1

[Event "29. Intern. Travemünder Schach-Open"]
[Site "Travemünde"]
[Date "2012.12.27"]
[Round "1.12"]
[White "Bentel, Robin"]
[Black "Feldtmann, Thomas"]
[Result "0-1"]
[WhiteElo "1933"]
[BlackElo "2276"]
[PlyCount "48"]
[EventDate "2012.??.??"]
[WhiteTeam "SC Porta Westfalica Holt"]
[BlackTeam "SK Marburg 1931/72"]

1. d4 Nf6 2. c4 e6 3. Nc3 Bb4 4. Qc2 O-O 5. Nf3 b6 6. e4 d5 7. Bg5 dxe4 8. Bxf6
Qxf6 9. Qxe4 c6 10. Ne5 Rd8 11. Bd3 g6 12. O-O Bb7 13. Ne2 Bf8 14. Ng3 Na6 15.
Rad1 Rab8 16. Nh5 Qe7 17. Qg4 Nc7 18. Ng3 Bg7 19. Bc2 c5 20. Rfe1 cxd4 21. Rxd4
Qc5 22. Rxd8+ Rxd8 23. b4 Qxb4 24. Qe2 Rd2 0-1

[Event "29. Intern. Travemünder Schach-Open"]
[Site "Travemünde"]
[Date "2012.12.27"]
[Round "1.13"]
[White "Cordes, Hans-Jörg"]
[Black "Lehmkuhl, Stefan"]
[Result "1-0"]
[WhiteElo "2269"]
[BlackElo "1933"]
[PlyCount "73"]
[EventDate "2012.??.??"]
[WhiteTeam "VSG 1880 Offenbach"]
[BlackTeam "SF Buxtehude"]

1. d4 c5 2. d5 Nf6 3. c4 b5 4. Qc2 bxc4 5. e4 d6 6. Nf3 g6 7. Bxc4 Bg7 8. O-O
O-O 9. Nc3 Nbd7 10. Bf4 Qa5 11. Bd2 Ng4 12. Na4 Qd8 13. Rab1 Nge5 14. Nxe5 Nxe5
15. b4 cxb4 16. Rxb4 a5 17. Rb6 Bd7 18. Bb5 Bc8 19. Bc6 Nxc6 20. dxc6 Qc7 21.
Be3 f5 22. exf5 gxf5 23. f4 d5 24. Rd1 e6 25. Qc5 Rd8 26. Bd4 Bf8 27. Qc3 Qxf4
28. c7 Re8 29. Qc6 Qg4 30. Rbb1 Ba6 31. Nb6 Be2 32. Nxa8 Bxd1 33. Qxe8 Qxd4+
34. Kh1 Qd3 35. Qxe6+ Kh8 36. Qe5+ Kg8 37. Qg3+ 1-0

[Event "29. Intern. Travemünder Schach-Open"]
[Site "Travemünde"]
[Date "2012.12.27"]
[Round "1.14"]
[White "Astrom, Lars"]
[Black "Ritscher, Jan-Paul"]
[Result "1/2-1/2"]
[WhiteElo "1931"]
[BlackElo "2264"]
[PlyCount "106"]
[EventDate "2012.??.??"]
[WhiteTeam "Limhamns SK"]
[BlackTeam "SF Hamburg eV 1934"]

1. e4 Nf6 2. e5 Nd5 3. d4 d6 4. Nf3 Bg4 5. Be2 e6 6. O-O Be7 7. h3 Bh5 8. c4
Nb6 9. Be3 O-O 10. Nc3 d5 11. b3 Bb4 12. Rc1 dxc4 13. bxc4 Nc6 14. Ne4 Bg6 15.
Ng3 Qd7 16. h4 h6 17. Qb3 Be7 18. Rfd1 Na5 19. Qc3 Qa4 20. h5 Bh7 21. d5 Ba3
22. Bd2 Bxc1 23. Rxc1 Naxc4 24. Bxc4 exd5 25. Bb3 Qa3 26. Be3 Rfd8 27. e6 fxe6
28. Qe5 Qd6 29. Rxc7 Qxe5 30. Nxe5 Rac8 31. Rxb7 Nc4 32. Bd4 Nd6 33. Rxa7 Nb5
34. Ra4 Nxd4 35. Rxd4 Bc2 36. Ne2 Rf8 37. Nf4 Bxb3 38. axb3 Rc1+ 39. Kh2 Re1
40. Nfg6 Rb8 41. Ra4 Rb1 42. Ra6 Re8 43. Rb6 d4 44. Rd6 Rxb3 45. Rxd4 Rb7 46.
Rd6 Rb2 47. Kg3 Rb3+ 48. f3 Rb5 49. Nc6 Rxh5 50. Nf4 Rg5+ 51. Kf2 e5 52. Nd5
Rh5 53. Nc3 Rh1 {(=)} 1/2-1/2

[Event "29. Intern. Travemünder Schach-Open"]
[Site "Travemünde"]
[Date "2012.12.27"]
[Round "1.15"]
[White "Vogel, Robert"]
[Black "Wahrenberg, Ralf"]
[Result "1-0"]
[WhiteElo "2253"]
[BlackElo "1926"]
[PlyCount "53"]
[EventDate "2012.??.??"]
[WhiteTeam "SGem Pang/Rosenheim"]
[BlackTeam "Delmenhorster SK V 1931"]

1. d4 Nf6 2. c4 g6 3. Nc3 d5 4. Nf3 Bg7 5. cxd5 Nxd5 6. Bg5 c5 7. Rc1 Nxc3 8.
bxc3 O-O 9. e3 Nc6 10. Be2 Re8 11. O-O Qa5 12. Qd2 Bf5 13. Rfd1 Rad8 14. Qb2 b6
15. Bb5 Bd7 16. Rb1 cxd4 17. cxd4 Nb8 18. Be2 Bc6 19. Bh4 h6 20. Rbc1 Rc8 21.
h3 g5 22. Bg3 Be4 23. Nd2 Bb7 24. Bb5 Rxc1 25. Rxc1 Rc8 26. Rxc8+ Bxc8 27. Bxb8
1-0

[Event "29. Intern. Travemünder Schach-Open"]
[Site "Travemünde"]
[Date "2012.12.27"]
[Round "1.16"]
[White "Ibs, Malte"]
[Black "Schmid, Thomas"]
[Result "0-1"]
[WhiteElo "1918"]
[BlackElo "2238"]
[PlyCount "90"]
[EventDate "2012.??.??"]
[WhiteTeam "Elmshorner SC von 1896"]
[BlackTeam "SV Bad Schwartau von 1930"]

1. d4 Nf6 2. c4 c5 3. d5 b5 4. cxb5 a6 5. b6 Qxb6 6. g3 d6 7. Bg2 g6 8. e4 Bg7
9. Nc3 O-O 10. Nge2 Nbd7 11. O-O a5 12. h3 Ba6 13. Qc2 Rfb8 14. Rb1 Qb4 15. f4
Nh5 16. Bd2 Ra7 17. Rf3 Nhf6 18. Nc1 Qb6 19. Kh2 Qc7 20. Na4 Ne8 21. Bc3 Bxc3
22. Qxc3 Nef6 23. Qc2 Rb4 24. Rf2 Qb8 25. Ne2 Rab7 26. Nec3 Rd4 27. Bf1 Bxf1
28. Rfxf1 Rbb4 29. Rfe1 Qb7 30. Rbd1 Qa6 31. Kg2 Kg7 32. Kf3 Qa8 33. Kf2 Qa7
34. Kf3 Qb7 35. Kf2 Nb6 36. Nxb6 Qxb6 37. Re2 Rxd1 38. Nxd1 Qb5 39. Kf3 Rd4 40.
Nc3 Qc4 41. Qc1 Nxe4 42. Qe1 Rd3+ 43. Re3 Rxe3+ 44. Qxe3 Qf1+ 45. Kxe4 f5# 0-1

[Event "29. Intern. Travemünder Schach-Open"]
[Site "Travemünde"]
[Date "2012.12.27"]
[Round "2.1"]
[White "Schulenburg, Fabian"]
[Black "Korneev, Oleg"]
[Result "0-1"]
[WhiteElo "2109"]
[BlackElo "2602"]
[PlyCount "114"]
[EventDate "2012.??.??"]
[WhiteTeam "SC Diogenes eV"]
[BlackTeam "Spanien"]

1. e4 c5 2. Nf3 Nc6 3. d4 cxd4 4. Nxd4 Qb6 5. Nb3 Nf6 6. Nc3 e6 7. Bd3 a6 8.
O-O d6 9. Be3 Qc7 10. Na4 Nd7 11. c4 b6 12. Rc1 Bb7 13. f3 Be7 14. Nd4 Nce5 15.
Be2 O-O 16. b3 Rac8 17. Qd2 Rfe8 18. Rfd1 Qb8 19. Nc3 Bd8 20. Bf1 Bc7 21. Kh1
Ng6 22. g3 Nge5 23. Bg2 Nf6 24. Nde2 Qa8 25. Nf4 Bc6 26. a4 Nfd7 27. Nd3 Nxd3
28. Qxd3 Ne5 29. Qe2 Qb8 30. Rd2 Nd7 31. Qd1 h6 32. Bf4 Ne5 33. Qe2 Bd8 34.
Rcd1 Be7 35. Be3 Qc7 36. Rc2 Ba8 37. Qf2 Rb8 38. Rcd2 Red8 39. Rc2 Nd7 40. Rcc1
Nc5 41. Qc2 Bf6 42. Rd2 Bg5 43. f4 Bf6 44. Nd1 Bc6 45. b4 Bxa4 46. Qa2 Nb3 47.
Qxa4 Nxc1 48. Qc2 b5 49. Qxc1 bxc4 50. Qa3 d5 51. exd5 c3 52. Rd3 exd5 53. Nxc3
d4 54. Nd5 dxe3 55. Rxe3 Qc2 56. Re1 Rxd5 57. Bxd5 Qd2 0-1

[Event "29. Intern. Travemünder Schach-Open"]
[Site "Travemünde"]
[Date "2012.12.27"]
[Round "2.2"]
[White "Maiorov, Nikita"]
[Black "Weber, Max"]
[Result "1-0"]
[WhiteElo "2554"]
[BlackElo "2111"]
[PlyCount "67"]
[EventDate "2012.??.??"]
[WhiteTeam "Weißrußland"]
[BlackTeam "SSC Rostock 07"]

1. d4 Nf6 2. c4 e6 3. Nc3 Bb4 4. Qc2 O-O 5. a3 Bxc3+ 6. Qxc3 b6 7. Bg5 Ba6 8.
e3 d6 9. Bd3 Nbd7 10. Ne2 c5 11. Qc2 h6 12. Bh4 Rc8 13. Qa4 Nb8 14. Rd1 cxd4
15. exd4 Qd7 16. Qb4 Nc6 17. Qd2 Ne8 18. b4 Ne7 19. Rc1 Nf5 20. Bxf5 exf5 21.
b5 Bb7 22. f3 d5 23. c5 bxc5 24. dxc5 Qxb5 25. Be7 Nf6 26. Bxf8 Kxf8 27. Nd4
Qa6 28. Qb4 Kg8 29. Kf2 Nd7 30. Rhe1 Qf6 31. Qxb7 Qxd4+ 32. Kf1 Rxc5 33. Rxc5
Nxc5 34. Qc8+ 1-0

[Event "29. Intern. Travemünder Schach-Open"]
[Site "Travemünde"]
[Date "2012.12.27"]
[Round "2.3"]
[White "Pflaum, Stefan"]
[Black "Sergeev, Vladimir"]
[Result "0-1"]
[WhiteElo "2081"]
[BlackElo "2471"]
[PlyCount "124"]
[EventDate "2012.??.??"]
[WhiteTeam "SC Schachmatt Botnang"]
[BlackTeam "Ukraine"]

1. d4 Nf6 2. c4 g6 3. Nc3 Bg7 4. e4 O-O 5. f4 d6 6. Nf3 a6 7. Bd3 Bg4 8. O-O
Nc6 9. Ne2 e5 10. fxe5 dxe5 11. d5 Nd4 12. Bg5 h6 13. Be3 Bxf3 14. gxf3 c5 15.
b4 b6 16. bxc5 bxc5 17. Nxd4 exd4 18. Bd2 Re8 19. Qe2 g5 20. f4 Nxe4 21. Bxe4
f5 22. Qh5 Rxe4 23. fxg5 d3 24. Rxf5 Qe8 25. Qxe8+ Raxe8 26. Rd1 Rxc4 27. gxh6
Bd4+ 28. Kg2 Rc2 29. Kh3 c4 30. d6 Rd8 31. Rd5 Bf6 32. d7 c3 33. Bxc3 Rxc3 34.
R1xd3 Rxd3+ 35. Rxd3 Kh7 36. Rd6 a5 37. Rd5 a4 38. Ra5 Rxd7 39. Rxa4 Kg6 40.
Kg4 Kxh6 41. Kf5 Kg7 42. h4 Rd5+ 43. Kg4 Kf7 44. Rc4 Kg6 45. a4 Rh5 46. Kh3 Kf7
47. Re4 Be7 48. Kg3 Rc5 49. Kg4 Rc1 50. Kf3 Bd6 51. Rd4 Ke6 52. Rg4 Kf5 53. Rd4
Rc3+ 54. Kg2 Bc5 55. Rd5+ Kg4 56. h5 Rc2+ 57. Kf1 Bf8 58. Ke1 Rc1+ 59. Rd1 Rc4
60. Rd3 Rxa4 61. Kd1 Rc4 62. Ke1 Ra4 0-1

[Event "29. Intern. Travemünder Schach-Open"]
[Site "Travemünde"]
[Date "2012.12.27"]
[Round "2.4"]
[White "Mainka, Romuald"]
[Black "Stotyn, Fabian"]
[Result "1-0"]
[WhiteElo "2457"]
[BlackElo "2102"]
[PlyCount "85"]
[EventDate "2012.??.??"]
[WhiteTeam "SC Hansa Dortmund e.V."]
[BlackTeam "SK Nordhorn-Blanke"]

1. e4 e6 2. d4 d5 3. Nd2 Nf6 4. e5 Nfd7 5. Bd3 c5 6. c3 Nc6 7. Ne2 cxd4 8. cxd4
f6 9. exf6 Qxf6 10. Nf3 h6 11. O-O Bd6 12. Bd2 O-O 13. Bc3 Rd8 14. Rc1 Nf8 15.
h3 Bd7 16. Nh2 e5 17. Bb1 e4 18. f3 Bxh2+ 19. Kxh2 Qd6+ 20. Kh1 exf3 21. Rxf3
Ne6 22. Rg3 Ng5 23. Bd2 Ne4 24. Bxe4 dxe4 25. Qb3+ Kh8 26. d5 Ne7 27. Bb4 Qe5
28. Bc3 Qxd5 29. Rxg7 Qxb3 30. axb3 Nd5 31. Rxd7+ Nxc3 32. Rxd8+ Rxd8 33. Rxc3
Rd2 34. Ng3 Rxb2 35. Nxe4 a5 36. Kh2 b5 37. Rg3 Rc2 38. Nc3 b4 39. Ne4 Rc8 40.
Rg6 Kh7 41. Ra6 Rc2 42. Rxa5 Rb2 43. Nc5 1-0

[Event "29. Intern. Travemünder Schach-Open"]
[Site "Travemünde"]
[Date "2012.12.27"]
[Round "2.6"]
[White "Schoenwolff, Kai"]
[Black "Svane, Rasmus"]
[Result "0-1"]
[WhiteElo "2077"]
[BlackElo "2399"]
[PlyCount "98"]
[EventDate "2012.??.??"]
[WhiteTeam "SC Diogenes eV"]
[BlackTeam "Hamburger SK von 1830 eV"]

1. e4 e6 2. d3 d5 3. Nd2 Nf6 4. g3 dxe4 5. dxe4 Nc6 6. Bg2 e5 7. Ngf3 Bc5 8.
O-O O-O 9. h3 Qe7 10. c3 a5 11. Qc2 b6 12. Re1 Rd8 13. Nb3 Ba6 14. Nxc5 Qxc5
15. Be3 Qd6 16. Bf1 Bd3 17. Bxd3 Qxd3 18. Qxd3 Rxd3 19. Nd2 Rad8 20. Re2 a4 21.
Rc1 Ne8 22. Nc4 Nd6 23. Nxd6 R8xd6 24. Rcc2 Rd1+ 25. Kg2 Kf8 26. Red2 Ke7 27.
Rxd6 Kxd6 28. Kf3 Na5 29. Ke2 Ra1 30. a3 Nc4 31. Kd3 b5 32. Bc1 c5 33. h4 Kc6
34. Be3 f6 35. Bc1 Nd6 36. f4 c4+ 37. Ke3 Nb7 38. f5 Nc5 39. g4 Nd3 40. Bd2 Rh1
41. h5 h6 42. Kf3 Rh2 43. Kg3 Rh1 44. Be3 Rb1 45. g5 hxg5 46. Bxg5 Rg1+ 47. Rg2
Rxg2+ 48. Kxg2 fxg5 49. Kf3 Kd7 0-1

[Event "29. Intern. Travemünder Schach-Open"]
[Site "Travemünde"]
[Date "2012.12.27"]
[Round "2.7"]
[White "Fries-Nielsen, Jens Ove"]
[Black "Krause, Benedict"]
[Result "1-0"]
[WhiteElo "2365"]
[BlackElo "2080"]
[PlyCount "41"]
[EventDate "2012.??.??"]
[WhiteTeam "Diagonale Harburg"]
[BlackTeam "SV Bargteheide"]

1. d4 Nf6 2. Bf4 g6 3. Nc3 d5 4. Qd2 Ne4 5. Nxe4 dxe4 6. f3 Bg7 7. c3 Bf5 8. g4
Be6 9. fxe4 Bxg4 10. Nf3 Nd7 11. Rg1 Bxf3 12. exf3 e5 13. Bg5 Bf6 14. Bh3 Bxg5
15. Rxg5 f6 16. Rg3 Qe7 17. O-O-O O-O-O 18. dxe5 fxe5 19. f4 Rhg8 20. Rd3 Rg7
21. fxe5 1-0